Government budgeting in India / (Record no. 67559)

MARC details
000 -LEADER
fixed length control field 00448nam a22001577a 4500
005 - DATE AND TIME OF LATEST TRANSACTION
control field 20180801125914.0
020 ## - INTERNATIONAL STANDARD BOOK NUMBER
International Standard Book Number 8187046023
Terms of availability 250.00
035 ## - SYSTEM CONTROL NUMBER
System control number A-893976, A-893981, A-843314
037 ## - SOURCE OF ACQUISITION
Stock number DPL
Source of stock number/acquisition ENG
100 ## - MAIN ENTRY--PERSONAL NAME
Personal name Sury, M.M.
245 ## - TITLE STATEMENT
Title Government budgeting in India /
Statement of responsibility, etc by M.M. Sury
250 ## - EDITION STATEMENT
Edition statement 2nd ed.
260 ## - PUBLICATION, DISTRIBUTION, ETC. (IMPRINT)
Place of publication, distribution, etc Delhi
Name of publisher, distributor, etc Indian Tax Institute
Date of publication, distribution, etc 1997
300 ## - PHYSICAL DESCRIPTION
Extent xvi, 204p.
Dimensions 20 cms.
942 ## - ADDED ENTRY ELEMENTS (KOHA)
Source of classification or shelving scheme Dewey Decimal Classification
Item type English Books
Classification part 351.722
Call number suffix SUR
Holdings
Withdrawn status Lost status Not for loan Collection code Home library Current library Date acquired Cost, normal purchase price Full call number Barcode Cost, replacement price Koha item type Source of acquisition
      Non-fiction Sarojini Nagar Sarojini Nagar 06/06/2012 250.00 351.722 SUR A-893976 250.00 English Books  
      Non-fiction Shahdara Branch Shahdara Branch 30/05/2018 250.00 351.722 SUR A-89398125 250.00 English Books BPPD/PUB
      Non-fiction Shahdara Branch Shahdara Branch 01/08/2018 250.00 351.722 SUR A-843314 250.00 English Books BPPD/PUB

© Delhi Public Library
Hit Counter
free hit counter